000
00247nam a2200097Ia 4500
001
677561
005
20250826161020.0
008
250824s9999 xx 000 0 und d
245
0
_a
DOKTOR OX'UN DENEYİ
_c
JULES VERNE
260
_b
TÜRKİYE İŞ BANKASI
999
_c
677561
_d
677561